Online katalóg knižníc regiónu Turca

Kate (Record no. 22026)

MARC details
000 -LEADER
fixed length control field 01433nam a22004213 4500
001 - CONTROL NUMBER
control field 22026
003 - CONTROL NUMBER IDENTIFIER
control field VRT
005 - DATE AND TIME OF LATEST TRANSACTION
control field 20260317163230.0
008 - FIXED-LENGTH DATA ELEMENTS--GENERAL INFORMATION
fixed length control field 220107s2020 yu g h 000 1 slo d
020 ## - INTERNATIONAL STANDARD BOOK NUMBER
International Standard Book Number 9788651704577
Qualifying information (brožované)
035 ## - SYSTEM CONTROL NUMBER
System control number a000699008
039 #9 - LEVEL OF BIBLIOGRAPHIC CONTROL AND CODING DETAIL [OBSOLETE]
Level of rules in bibliographic description 202506190829
Level of effort used to assign nonsubject heading access points AUTHORITY
Level of effort used to assign subject headings 202203290925
Level of effort used to assign classification ba00115
Level of effort used to assign subject headings 202203240930
Level of effort used to assign classification argo
Level of effort used to assign subject headings 202201070759
Level of effort used to assign classification uhliarova
040 ## - CATALOGING SOURCE
Original cataloging agency UKB
Language of cataloging slo
Modifying agency UKB
Description conventions rda
041 1# - LANGUAGE CODE
Language code of text/sound track or separate title slo
Language code of original eng
044 ## - COUNTRY OF PUBLISHING/PRODUCING ENTITY CODE
MARC country code rb
ISO country code RS
072 #7 - SUBJECT CATEGORY CODE
Subject category code 929.5/.9
Subject category code subdivision Genealógia. Heraldika. Šľachta. Vlajky
Source konspekt
072 #7 - SUBJECT CATEGORY CODE
Subject category code 929
Subject category code subdivision Biografie
Source konspekt
080 ## - UNIVERSAL DECIMAL CLASSIFICATION NUMBER
Universal Decimal Classification number 929.732-055.2
Edition identifier 2011
080 ## - UNIVERSAL DECIMAL CLASSIFICATION NUMBER
Universal Decimal Classification number (410)
Edition identifier 2011
080 ## - UNIVERSAL DECIMAL CLASSIFICATION NUMBER
Universal Decimal Classification number 929
Edition identifier 2011
080 ## - UNIVERSAL DECIMAL CLASSIFICATION NUMBER
Universal Decimal Classification number (092)
Edition identifier 2011
100 1# - MAIN ENTRY--PERSONAL NAME
Personal name Moody, Marcia
Relationship aut
240 10 - UNIFORM TITLE
Uniform title Kate - a biography.
Language of a work Slovensky
245 10 - TITLE STATEMENT
Title Kate
Remainder of title jej životopis
Number of part/section of a work 2. časť
Statement of responsibility, etc. Marcia Moody ; preložil Parcel Perecár
264 #1 - PRODUCTION, PUBLICATION, DISTRIBUTION, MANUFACTURE, AND COPYRIGHT NOTICE
Place of production, publication, distribution, manufacture [Beograd]
Name of producer, publisher, distributor, manufacturer Liber Novus d.o.o.
Date of production, publication, distribution, manufacture, or copyright notice 2020
300 ## - PHYSICAL DESCRIPTION
Extent 127 strán
336 ## - CONTENT TYPE
Content type term text
Content type code txt
Source rdacontent
337 ## - MEDIA TYPE
Media type term bez média
Media type code n
Source rdamedia
338 ## - CARRIER TYPE
Carrier type term zväzok
Carrier type code nc
Source rdacarrier
500 ## - GENERAL NOTE
General note Preložené z angličtiny
600 17 - SUBJECT ADDED ENTRY--PERSONAL NAME
Personal name Middleton, Kate,
Dates associated with a name 1982-
Source of heading or term UKBPH
600 07 - SUBJECT ADDED ENTRY--PERSONAL NAME
Personal name Catherine,
Titles and other words associated with a name princezná z Walesu,
Dates associated with a name 1982-
Source of heading or term UKBPH
650 07 - SUBJECT ADDED ENTRY--TOPICAL TERM
Topical term or geographic name entry element vojvodkyne
Geographic subdivision Veľká Británia
Chronological subdivision 20.-21. storočie
Source of heading or term UKBPH
655 #7 - INDEX TERM--GENRE/FORM
Genre/form data or focus term biografie
Source of term UKBPH
700 1# - ADDED ENTRY--PERSONAL NAME
Personal name Perecár, Marcel,
Dates associated with a name 1972-
Relationship trl
942 ## - ADDED ENTRY ELEMENTS (KOHA)
Source of classification or shelving scheme Dewey Decimal Classification
Koha item type Krásna literatúra pre dospelých
Suppress in OPAC No
949 ## - LOCAL PROCESSING INFORMATION (OCLC)
6 1800856961
9 2. časť
a 33.G.02192
b DZ.2022-2
Holdings
Stav vyradenia Strata Poškodenie Spôsob nadobudnutia Domovská knižnica Aktuálna knižnica Dátum nadobudnutia Total checkouts Čiarový kód exemplára Date last seen Typ exemplára
      Dar Obecná knižnica Horná Štubňa Obecná knižnica Horná Štubňa 17.03.2026   9788651704577 17.03.2026 Krásna literatúra pre dospelých
Projekt je podporený Slovenskou asociáciou knižníc
Prevádzkuje Turčianska knižnica Martin 2026